Normal view
MARC view
- Khole C (2k61032)
Entry Personal Name
001 - CONTROL NUMBER
- control field: 101989
003 - CONTROL NUMBER IDENTIFIER
- control field: OSt
005 - DATE AND TIME OF LATEST TRANSACTION
- control field: 20221007215908.0
008 - FIXED-LENGTH DATA ELEMENTS
- fixed length control field: 221007|| aca||aabn | a|a d
040 ## - CATALOGING SOURCE
- Original cataloging agency: OSt
- Transcribing agency: OSt
100 ## - HEADING--PERSONAL NAME
- Personal name: Khole C (2k61032)
670 ## - SOURCE DATA FOUND
- Source citation: Work cat.: (OSt)69145: Khole C (2k61032), Corporate Promotion of Ayurvedic Healthcare Packages and Branding Ayurvedic Health Care Centres in Pune, 2008